00402cam a22001097a 4500008004000000082003000040100002500070245007600095260004900171300001100220440006100231180718b1976 xxu||||| |||| 00| 0 eng d aA81x54 In2/71/21/PT10B/BU aCensus of India 1971 aUttar Pradesh district census handbook, Budaun: primary census abstract aLucknowbDirector of Census Operationsc1976 a221+p. aCensus of India 1971. Series-21, Uttar Pradesh. Part X-B